000 00404nam a2200157 i 4500
001 bg
100 1 _aCULMANN, Karl
245 0 _aDer Bau der eisernen Brücken in England und Amerika /
_cKarl Culmann.
260 _aDüsseldorf :
_bWerner,
_c1975.
650 9 _aMosty
_xkonstrukcje
040 _cBPK
041 _apol
080 _a624.2/.8
942 _cKS
008 s pl f |000 0 pol
999 _c18271
_d18271
856 _uhttp://koha.tu.koszalin.pl/cgi-bin/koha/opac-detail.pl?biblionumber=18271
_yKatalog online BPK